<?xml version="1.0" encoding="UTF-8"?>
<record
    xmlns:xsi="http://www.w3.org/2001/XMLSchema-instance"
    xsi:schemaLocation="http://www.loc.gov/MARC21/slim http://www.loc.gov/standards/marcxml/schema/MARC21slim.xsd"
    xmlns="http://www.loc.gov/MARC21/slim">

  <leader>00634nam a22001577a 4500</leader>
  <controlfield tag="003">OSt</controlfield>
  <controlfield tag="005">20151216100128.0</controlfield>
  <controlfield tag="008">151216b        xxu||||| |||| 00| 0 eng d</controlfield>
  <datafield tag="040" ind1=" " ind2=" ">
    <subfield code="c">RUA</subfield>
  </datafield>
  <datafield tag="082" ind1=" " ind2=" ">
    <subfield code="a">AED HOU 2004 B216 Or.1</subfield>
  </datafield>
  <datafield tag="100" ind1=" " ind2=" ">
    <subfield code="9">4897</subfield>
    <subfield code="a">HOUT, PHANNA.</subfield>
  </datafield>
  <datafield tag="245" ind1=" " ind2=" ">
    <subfield code="a">Economic efficency of rearrange the rubber memut district, kompong cham province (&#x1794;&#x17D2;&#x179A;&#x179F;&#x17B7;&#x1791;&#x17D2;&#x1792;&#x1797;&#x17B6;&#x1796;&#x179F;&#x17C1;&#x178A;&#x17D2;&#x178B;&#x1780;&#x17B7;&#x1785;&#x17D2;&#x1785;&#x1793;&#x17C3;&#x1780;&#x17B6;&#x179A;&#x1780;&#x17C2;&#x1785;&#x17D2;&#x1793;&#x17C3;&#x1788;&#x17BE;&#x1780;&#x17C5;&#x179F;&#x17CA;&#x17BC;&#x179F;&#x17D2;&#x179A;&#x17BB;&#x1780;&#x1798;&#x17C1;&#x1798;&#x178F;&#x17CB;&#x1781;&#x17C1;&#x178F;&#x17D2;&#x178F;&#x1780;&#x17C6;&#x1796;&#x1784;&#x17CB;&#x1785;&#x17B6;&#x1798;)</subfield>
  </datafield>
  <datafield tag="260" ind1=" " ind2=" ">
    <subfield code="a">Phnom Penh</subfield>
    <subfield code="b">RUA</subfield>
    <subfield code="c">2004</subfield>
  </datafield>
  <datafield tag="300" ind1=" " ind2=" ">
    <subfield code="a">vii, 46p.</subfield>
    <subfield code="b">ill.</subfield>
    <subfield code="c">29cm.</subfield>
  </datafield>
  <datafield tag="942" ind1=" " ind2=" ">
    <subfield code="2">ddc</subfield>
    <subfield code="c">AED</subfield>
  </datafield>
  <datafield tag="999" ind1=" " ind2=" ">
    <subfield code="c">4549</subfield>
    <subfield code="d">4549</subfield>
  </datafield>
  <datafield tag="952" ind1=" " ind2=" ">
    <subfield code="0">0</subfield>
    <subfield code="1">0</subfield>
    <subfield code="2">ddc</subfield>
    <subfield code="4">0</subfield>
    <subfield code="6">AED_HOU_2004_000000000000000_B216_OR_1</subfield>
    <subfield code="7">0</subfield>
    <subfield code="9">23592</subfield>
    <subfield code="a">LBB</subfield>
    <subfield code="b">LBB</subfield>
    <subfield code="c">B216</subfield>
    <subfield code="d">2015-12-16</subfield>
    <subfield code="l">2</subfield>
    <subfield code="o">AED HOU 2004 B216 Or.1</subfield>
    <subfield code="p">RUA030483</subfield>
    <subfield code="r">2018-05-07</subfield>
    <subfield code="s">2018-05-07</subfield>
    <subfield code="w">2015-12-16</subfield>
    <subfield code="y">AED</subfield>
  </datafield>
  <datafield tag="952" ind1=" " ind2=" ">
    <subfield code="0">0</subfield>
    <subfield code="1">0</subfield>
    <subfield code="2">ddc</subfield>
    <subfield code="4">0</subfield>
    <subfield code="6">AED_HOU_2004_000000000000000_B216_OR_2</subfield>
    <subfield code="7">0</subfield>
    <subfield code="9">23593</subfield>
    <subfield code="a">LBB</subfield>
    <subfield code="b">LBB</subfield>
    <subfield code="c">B216</subfield>
    <subfield code="d">2015-12-16</subfield>
    <subfield code="o">AED HOU 2004 B216 Or.2</subfield>
    <subfield code="p">RUA030945</subfield>
    <subfield code="r">2015-12-16</subfield>
    <subfield code="w">2015-12-16</subfield>
    <subfield code="y">AED</subfield>
  </datafield>
  <datafield tag="952" ind1=" " ind2=" ">
    <subfield code="0">0</subfield>
    <subfield code="1">0</subfield>
    <subfield code="2">ddc</subfield>
    <subfield code="4">0</subfield>
    <subfield code="6">AED_HOU_2004_000000000000000_B216_OR_3</subfield>
    <subfield code="7">0</subfield>
    <subfield code="9">23594</subfield>
    <subfield code="a">LBB</subfield>
    <subfield code="b">LBB</subfield>
    <subfield code="c">B216</subfield>
    <subfield code="d">2015-12-16</subfield>
    <subfield code="o">AED HOU 2004 B216 Or.3</subfield>
    <subfield code="p">RUA030950</subfield>
    <subfield code="r">2015-12-16</subfield>
    <subfield code="w">2015-12-16</subfield>
    <subfield code="y">AED</subfield>
  </datafield>
</record>
